书目信息 |
| 题名: |
合成
|
|
| 作者: | ;江苏省燃化局 编写 | |
| 分册: | ||
| 出版信息: | 北京 燃料化学工业出版社 1974 |
|
| 页数: | 92页 | |
| 开本: | 20cm | |
| 丛书名: | ||
| 单 册: | ||
| 中图分类: | TQ031.2 | |
| 科图分类: | ||
| 主题词: | 化学反应过程 | |
| 电子资源: | ||
| ISBN: | ||
| 000 | 00587nam0 2200205 450 | |
| 001 | 0638238156 | |
| 005 | 20060303104217.51 | |
| 010 | @dCNY0.23 | |
| 091 | @a15063.2065 | |
| 100 | @a20060303d1974 km y0chiy0120 ea | |
| 101 | 0 | @achi |
| 200 | 1 | @a合成@Ahe cheng@f江苏省燃化局编写@Fjiang su sheng ran hua ju bian xie |
| 210 | @a北京@c燃料化学工业出版社@d1974 | |
| 215 | 1 | @a92页@d20cm |
| 300 | @a双加压流程碳酸氢铵生产 | |
| 606 | 0 | @a化学反应过程 |
| 690 | @aTQ031.2@v4 | |
| 711 | 0 | @a江苏省燃化局@Ajiang su sheng ran hua ju@4编写 |
| 801 | 0 | @aCN@bPFT@c20060303 |
| 905 | @a10447@dTQ031.2@e2 | |
| 合成/江苏省燃化局编写.-北京:燃料化学工业出版社,1974 |
| 92页;20cm |
| 双加压流程碳酸氢铵生产 |
| ISBN :CNY0.23 |
| ● |
| 相关链接 |
|
|
|
|
正题名:合成
索取号:TQ031.2/2
 
预约/预借
| 序号 | 登录号 | 条形码 | 馆藏地/架位号 | 状态 | 备注 |
| 1 | 0012428 | 001646124 | 密集书库/ [索取号:TQ031.2/2] | 在馆 |